Bandas e Artistas Internacionais no The Town - Statistics

Estatísticas Gerais
  • Esse quiz foi jogado 80 vezes
  • A pontuação média é 4 de 13
Estatísticas das Respostas
Edição País Música famosa Banda/Artista % Correto
2023 EUA Just The Way You Are Bruno Mars
85%
2023 EUA Cool for the Summer Demi Lovato
66%
2023 EUA Rockstar Post Malone
51%
2023 EUA Memories Maroon 5
50%
2023 EUA Closer The Chainsmokers
50%
2023 EUA Times Like These Foo Fighters
22%
2023 EUA I'm a Mess Bebe Rexha
20%
2023 EUA Only Happy When It Rains Garbage
16%
2023 Austrália Work Iggy Azalea
15%
2023 Alemanha Treat Me Like A Slut Kim Petras
15%
2023 EUA Heads Will Roll Yeah Yeah Yeahs
15%
2023 EUA Every Kind Of Way H.E.R.
14%
2023 Reino Unido Right To Be Wrong Joss Stone
14%
Nenhum quiz correspondente encontrado
Distribuição das Pontuações
Porcentagem de Pessoas com Cada Pontuação
Percentil de Números Respondidos
Sua Pontuação Histórica
Você não jogou esse quiz